Flexibilidad y trabajo femenino en la industria manufacturera de México.

Este artículo busca la manera en que los procesos de flexibilización que acompañan la reestructuración de la industria manufacturera, han reforzado la segmentación de género que existe en el trabajo, lo que se manifiesta en la organización de los procesos productivos. Mostramos esto último mediante...

Full description

Bibliographic Details
Main Author: De la Garza Toledo, Enríque
Other Authors: Lara Flores, Sara María, Torres Franco, José Luis
Format: Analitica de revista
Language:Spanish
Subjects:

MARC

LEADER 00000cab a2200000 a 4500
001 042354
003 UAHC_CL
005 20250904195432.0
008 031004b xx j 000 1 spa
040 |a UAHC_CL  |c UAHC_CL  |d UAHC_CL 
100 1 |a De la Garza Toledo, Enríque 
245 1 0 |a Flexibilidad y trabajo femenino en la industria manufacturera de México. 
300 |a [24] p. 
500 |a En: Revista Mexicana de Sociología. -- nº. 2, vol. LXIII (Abril - Junio de 2001), p. 133 - 136 
520 |a Este artículo busca la manera en que los procesos de flexibilización que acompañan la reestructuración de la industria manufacturera, han reforzado la segmentación de género que existe en el trabajo, lo que se manifiesta en la organización de los procesos productivos. Mostramos esto último mediante el cruce de variables de dos encuestas aplicadas por el Posgrado de Estudios Sociales de la UAM-I a una muestra de 4mpresas manufactureras. 
650 4 |a MUJERES  |x EMPLEO  |z MEXICO 
700 1 |a Lara Flores, Sara María 
700 1 |a Torres Franco, José Luis 
700 1 |a Lara Flores, Sara María 
700 1 |a Torres Franco, José Luis 
773 0 |t Revista musical chilena : Universidad de Chile, Facultad de Artes.  |w 041171 
900 |a REVISTA MEXICANA DE SOCIOLOGIA-02/01 
942 |c REVA  |2 ddc 
952 |0 0  |1 0  |4 0  |6 REVISTA_MEXICANA_DE_SOCIOLOGIA02_01_000000000000000  |7 0  |8 General  |9 79033  |a BC  |b BC  |c General  |d 2017-08-03  |l 0  |o REVISTA MEXICANA DE SOCIOLOGIA-02/01  |p FICTICIO7496  |r 2019-01-08 00:00:00  |t 1  |w 2017-08-03  |y REVA 
999 |c 42354  |d 42354